Loading...
| Current Events | 1 | 20.00 | 100% | 0% | 100% |
| Fine Arts - Classical Music | 6 | 6.67 | 50% | 0% | 17% |
| Fine Arts - Other | 5 | 8.00 | 80% | 0% | 0% |
| Fine Arts - Painting and Sculpture | 7 | 14.29 | 100% | 43% | 0% |
| Geography | 2 | 20.00 | 100% | 50% | 50% |
| History - American | 9 | 12.22 | 100% | 22% | 0% |
| History - European | 7 | 10.00 | 86% | 14% | 0% |
| History - Other | 6 | 11.67 | 83% | 33% | 0% |
| History - World | 6 | 8.33 | 67% | 17% | 0% |
| Literature - American | 7 | 20.00 | 100% | 86% | 14% |
| Literature - British | 3 | 16.67 | 100% | 67% | 0% |
| Literature - European | 7 | 22.86 | 100% | 71% | 57% |
| Literature - World | 7 | 18.57 | 100% | 71% | 14% |
| Mythology | 7 | 20.00 | 100% | 71% | 29% |
| Philosophy | 6 | 18.33 | 83% | 67% | 33% |
| Pop Culture | 2 | 15.00 | 100% | 0% | 50% |
| Religion | 6 | 10.00 | 67% | 17% | 17% |
| Science - Biology | 8 | 13.75 | 100% | 25% | 13% |
| Science - Chemistry | 7 | 10.00 | 86% | 14% | 0% |
| Science - Other | 7 | 10.00 | 100% | 0% | 0% |
| Science - Physics | 7 | 12.86 | 86% | 29% | 14% |
| Social Science | 5 | 16.00 | 80% | 60% | 20% |